Medicine and Anatomy by Letter - L - Statistics

General Stats
  • This quiz has been taken 3,088 times
  • The average score is 14 of 20
Answer Stats
Hint Answer % Correct
The main organ of the respiratory system Lung
98%
The heaviest internal organ, has many functions in metabolism, digestion and detoxification Liver
96%
Commonly called the voice box Larynx
92%
The part of the body where you could find the quadriceps, patella and ischiadic nerve Leg
89%
Cancer of the blood, the most common type of cancer in children Leukemia
88%
Fleshy parts that form the upper and lower edges of the mouth and are used in speech Lips
88%
Connective tissue that connects bones to other bones Ligament
86%
Infectious disease caused by the Borrelia bacterium, which is spread by ticks {Lyme} disease
82%
Substance that builds up during heavy exercise and can lead to muscle soreness Lactic acid
77%
An important part of the eye that can change shape to focus on objects at different distances Lens
75%
The five vertebrae of the lower back {Lumbar} vertebrae
74%
Bean-sized organs spread around the body that house many white blood cells Lymph nodes
71%
Cancer of the lymphocytes. Symptoms include weight loss, itching, and night sweats Lymphoma
68%
Auto-immune disease that typically causes painful joints and a butterfly rash in the face Lupus
54%
The last part of the digestive tract, consisting of cecum, colon and rectum Large intestine
53%
Disease that can cause loss of fingers, whose sufferers are infamously placed in colonies Leprosy
52%
The name by which many people know the disease ALS, named after a baseball player {Lou Gehrig}'s disease
43%
The glands above the eyes that produce tears {Lacrimal} glands
42%
A common non-cancerous tumour of fatty tissue Lipoma
38%
Bacteria that can cause pneumonia and grows in poorly maintained water systems Legionella
23%
No matching quizzes found
Score Distribution
Percent of People with Each Score
Percentile by Number Answered
Your Score History
You have not taken this quiz